Social media marketing (Record no. 86624)

MARC details
000 -LEADER
fixed length control field 00719 a2200253 4500
003 - CONTROL NUMBER IDENTIFIER
control field CBULib
005 - DATE AND TIME OF LATEST TRANSACTION
control field 20260130095642.0
008 - FIXED-LENGTH DATA ELEMENTS--GENERAL INFORMATION
fixed length control field 260130b |||||||| |||| 00| 0 eng d
020 ## - INTERNATIONAL STANDARD BOOK NUMBER
International Standard Book Number 9781529731989
040 ## - CATALOGING SOURCE
Language of cataloging English
Transcribing agency CBULib
Description conventions rda
041 ## - LANGUAGE CODE
Language code of text/sound track or separate title eng
050 ## - LIBRARY OF CONGRESS CALL NUMBER
Classification number HF 5415.13 Tut
100 ## - MAIN ENTRY--PERSONAL NAME
Personal name Tuten, Tracy L.
245 ## - TITLE STATEMENT
Title Social media marketing
Statement of responsibility, etc / by Tracy L. Tuten
250 ## - EDITION STATEMENT
Edition statement Fourth edition.
260 ## - PUBLICATION, DISTRIBUTION, ETC. (IMPRINT)
Name of publisher, distributor, etc SAGE,
Date of publication, distribution, etc 2021
Place of publication, distribution, etc London :
300 ## - PHYSICAL DESCRIPTION
Extent xiii, 466 pages : illustrations
336 ## - CONTENT TYPE
Source rdacontent
Content type term Text |
Content type code txt
337 ## - MEDIA TYPE
Source rdamedia
Media type term Unmediated |
Media type code n
338 ## - CARRIER TYPE
Source rdacarrier
Carrier type term Volume
Carrier type code nc
650 #0 - SUBJECT ADDED ENTRY--TOPICAL TERM
9 (RLIN) 5291
Topical term or geographic name as entry element SOCIAL MEDIA MARKETING
650 #0 - SUBJECT ADDED ENTRY--TOPICAL TERM
9 (RLIN) 583
Topical term or geographic name as entry element INTERNET MARKETING
942 ## - ADDED ENTRY ELEMENTS (KOHA)
Source of classification or shelving scheme
Koha item type MONOGRAPH
Holdings
Withdrawn status Lost status Source of classification or shelving scheme Damaged status Not for loan Collection code Permanent Location Current Location Shelving location Date acquired Cost, normal purchase price Total Checkouts Full call number Barcode Date last seen Copy number Price effective from Koha item type
          CBU-Lusaka Campus CBU- LUSAKA CAMPUS CBU-MAIN LIBRARY, KITWE. General Stacks 01/30/2026 43.00   HF 5415.13 Tut 753861 01/30/2026 1 01/30/2026 MONOGRAPH